[Event "Quebec-ch U16"]
[Site "Quebec"]
[Date "1999.??.??"]
[Round "7"]
[White "Bachand Fleurent, Julien"]
[Black "Tanguay Carel, Mathieu"]
[Result "1/2-1/2"]
[WhiteElo "1935"]
[BlackElo "1660"]
[PlyCount "116"]
[EventDate "1999.??.??"]
[EventType "tourn"]
[EventRounds "7"]
[EventCountry "CAN"]
[SourceTitle "EXT 2000"]
[Source "ChessBase"]
[SourceDate "1999.11.16"]
[SourceVersion "1"]
[SourceVersionDate "1999.11.16"]
[SourceQuality "1"]

1. e4 e6 2. d4 d5 3. Nc3 Nf6 4. Bg5 Be7 5. e5 Nfd7 6. Bxe7 Qxe7 7. Nf3 c5 8. Nb5 0-0 9. Nc7 cxd4 10. a3 f6 11. exf6 Nxf6 12. Nxa8 e5 13. Be2 Ng4 14. 0-0 Nc6 15. Nxd4 Nxd4 16. Bxg4 Bxg4 17. Qxg4 Rxa8 18. c3 Nc6 19. Rad1 Rd8 20. Rfe1 e4 21. c4 Ne5 22. Qe2 Nxc4 23. Rxd5 Rxd5 24. Qxc4 Qe6 25. f3 e3 26. Qe4 Qxe4 27. fxe4 Rd2 28. Rxe3 Rxb2 29. Rc3 Re2 30. Rc8+ Kf7 31. Rc7+ Kf6 32. Rxb7 Rxe4 33. Rxa7 Re1+ 34. Kf2 Ra1 35. a4 Kg6 36. a5 Kh6 37. Kf3 Ra3+ 38. Kg4 Kg6 39. g3 Ra2 40. h4 Ra4+ 41. Kh3 h5 42. a6 Kh7 43. Ra8 Kg6 44. a7 Kh7 45. Kg2 Kg6 46. Kf3 Kh7 47. Ke3 Kg6 48. Kd3 Kh7 49. Kc3 Kg6 50. Kb3 Ra1 51. Kb4 Rb1+ 52. Kc5 Rc1+ 53. Kd6 Rd1+ 54. Ke7 Ra1 55. Kf8 Kh7 56. Kf7 Ra6 57. Ke7 Kg6 58. Kd8 Ra1 1/2-1/2